Robustný PID regulátor pre neurčitý systém

Saved in:
Bibliographic Details
Main Author: Lomen, Miroslav (Author)
Other Authors: Körösi, Ladislav (Thesis advisor)
Format: Manuscript Book
Language:Slovak
Published: Bratislava : STU v Bratislave FEI, 2021
Subjects:
Online Access:https://opac.crzp.sk/?fn=detailBiblioForm&sid=7E417B54B864B7C45D2BFA4635AB&seo=CRZP-detail-kniha
Tags: Add Tag
No Tags, Be the first to tag this record!

MARC

LEADER 00000ntm a22000003a 4500
001 stuzp82661
003 SK-STU
005 20211201142040.2
007 ta
008 150427s2015----xo-----f-mn---000-0-slo-d
040 |a STU  |b slo 
041 0 |a slo 
044 |a xo 
100 1 |a Lomen, Miroslav  |u 031000  |4 aut  |U FEI Fakulta elektrotechniky a informatiky  |T FEI Ústav robotiky a kybernetiky  |X 80864  |U E011  |Y 356  |7 80864 
242 0 1 |a Robust PID Controller for Uncertain System  |y eng 
245 1 0 |a Robustný PID regulátor pre neurčitý systém 
260 |a Bratislava :  |b STU v Bratislave FEI,  |c 2021 
300 |a 58 s., príl. 
650 4 |a neurčité systémy  |2 slo 
650 4 |a teória malého zosilnenia  |2 slo 
650 4 |a PID regulátor  |2 slo 
650 4 |a TIA Portal  |2 slo 
650 4 |a uncertain systems  |2 eng 
650 4 |a small gain theorem  |2 eng 
650 4 |a PID controller  |2 eng 
650 4 |a TIA Portal  |2 eng 
700 1 |a Körösi, Ladislav  |u 031000  |k Z1  |4 ths  |U FEI Fakulta elektrotechniky a informatiky  |T FEI Ústav robotiky a kybernetiky  |X 4960  |U E011  |Y 356  |7 A000004960 
856 4 |u https://opac.crzp.sk/?fn=detailBiblioForm&sid=7E417B54B864B7C45D2BFA4635AB&seo=CRZP-detail-kniha